Quizzes
Events
Quiz Creation
Community
Videos
Private Events
Remove Ads
Sign In
Join for FREE
Feedback
Dark Mode
Quiz Categories
Sports
Geography
Music
Movies
Television
Just For Fun
Miscellaneous
History
Literature
Language
Science
Gaming
Entertainment
Religion
Holiday
For Kids
Quiz Lab
Recent
Popular Today
Quiz Kudos Today
Editor Picks
Curator Picks
Quizzes by...
Day
Popularity
Type
Ratings
Length
Year
Community
Subscriptions
Recent Discussions
Orange Saloon
Badges
Playlists
Quests
Create
Leaderboards
Showdown
Live 5
Trivia Bingo
Activity
Puzzle Library
Sporcle Events
Private Events
Virtual Trivia
Globe League
Become a Host
Pub Owners
SporcleCon
Opinionation
Our Games
Videos
Blog
Mobile Apps
Partnerships
Remove Ads and Go Orange
Feedback
Sports
Athletes
MLB
NBA
NHL
NFL
Soccer
Sports Teams
WWE
NCAA
Football
Premier League
Basketball
Baseball
Hockey
Golf
Tennis
Cricket
Rugby
Auto Racing
Olympics
World Cup
Sports
Athletes
MLB
NBA
NHL
NFL
Soccer
Sports Teams
WWE
NCAA
Football
Premier League
Basketball
Baseball
Hockey
Golf
Tennis
Cricket
Rugby
Auto Racing
Olympics
World Cup
Random Quiz
Search Sporcle
×
Quiz Lab
Quiz Lab
Sports
NBA
Type in answers that appear in a list
Type in answers that appear in a list
Classic
Best Score? Go Orange.
Name the NBA All-time assist leaders 1-25 Stats
Can you name the NBA All-time assist leaders 1-25?
By
samwade35
8m
25 Questions
61 Plays
61 Plays
61 Plays
Comments
Comments
Give Quiz Kudos
Give Quiz Kudos
-
- Ratings
hide this ad
Replay
Link that replays current quiz
Next Quiz
Link to next quiz in quiz playlist
You Got
0%
They Got
Avg Score
68%
Avg Friend Score
Upgrade to see
Score Distribution
Jump to the score distribution portion of the page
Score
0/25
Timer
08:00
0
Plays Today
Hint
Answer
% Correct
#1
John Stockton
98.4%
#2
Jason Kidd
96.7%
#5
Magic Johnson
96.7%
#21
Kevin Johnson
96.7%
#10
Chris Paul
91.8%
#3
Steve Nash
90.2%
#4
Mark Jackson
86.9%
#6
Oscar Robertson
85.2%
#17
Bob Cousy
80.3%
#7
Isiah Thomas
78.7%
#13
Lebron James
78.7%
#8
Gary Payton
75.4%
#19
Deron Williams
73.8%
Hint
Answer
% Correct
#16
Tim Hardaway
72.1%
#9
Andre Miller
65.6%
#22
Tony Parker
57.4%
#24
Nate Archibald
55.7%
#15
Terry Porter
54.1%
#11
Rod Strickland
52.5%
#23
Derek Harper
52.5%
#12
Maurice Cheeks
50.8%
#20
Muggsy Bogues
50.8%
#25
Stephon Marbury
42.6%
#14
Lenny Wilkens
27.9%
#18
Guy Rodgers
8.2%
Quiz Playlist
Details
Report
Send in Message
Add To Playlist
Classic:
Type in answers that appear in a list
Last Updated: Feb 27, 2019
Quiz Scoreboard
CHALLENGE
Sign Up to Join the Scoreboard
Show All
Scores
Hide
Comments
May contain spoilers
Recently Published
An Introduction to Baseball
by treessimontrees
Sports
5m
Movies - When Are They Set?
by FPL_Elf
Movies
5m
Popular People in 1961
by mucciniale
History
6m
More to Explore
Quiz From the Vault
Featured Blog Post
Where Did the Easter Bunny Come From?
hide this ad
You Might Also Like...
Tags
NBA Quiz
1-25
assist
Leader
Today's Top Quizzes in Sports
Browse Sports
hide this ad
Today's Top Quizzes in NBA
Browse NBA
Top Contributed Quizzes in Sports
1
Les meilleurs buteurs des matchs entre le PSG et l’OM
2
2022 World Cup Stars
3
FIFA Club World Cup Champions
4
Les entraîneurs de l'OM et du PSG au 21e siècle
5
Name the Premier League winners with different clubs
6
La finale Lions - Afrique du Sud 2021
7
Criteria MLB: Left Handed Sluggers
8
Les joueurs passés par le LOSC et le RC Lens
9
Players with Multiple 50 Home Run Seasons
10
MLB Players with Two .350 Batting Average Seasons
Explore More
Trending Topics
NBA
Kpop
Harry Potter
Disney
Marvel
Crossword
Anime
Country
The Office
Pokémon
WWE
Puzzle
Soccer
NFL
Song
hide this ad
More By:
samwade35
Quiz
Plays
Rating
Category
Featured
Created
MLB Top 100 Players 2019
328
1.80
Sports
Feb 22, 2019
Madden 17 Player Ratings 90-99
201
Gaming
Mar 1, 2017
Cincinnati Reds All Stars from 2000-2016
191
1.44
Sports
Mar 6, 2017
MLB all-time hits leaders 1-25
120
1.00
Sports
Mar 7, 2017
Cincinnati Bearcats 2017 Men's Basketball Team roster
117
Sports
Feb 16, 2017
Go to Creator's Profile
Score Distribution
Quiz Creator Spotlight
samwade35
Follow
Send a Message
Quizzes Created
-
Created Quiz Play Count
-
More By This Creator
Popular Quizzes Today
1
Find the Countries of Europe - No Outlines Minefield
2
Find the US States - No Outlines Minefield
3
The Countries of the World
4
Popular People in 1961
5
US States
6
1-10 Letter E Words III
7
Find the US States
8
One Thing in Common: World Cities II
More Sports Quizzes
WWE's UK Superstars: Which country are they from?
Quiz Lab
Trending Quizzes
Risky Map Clicking: Least Populous States A-Z
1-10 Letter F Words
1-10 Letter G Words
One Thing in Common: United Kingdom
Risky Map Clicking: Next State Alphabetically
Recently Updated
Leaping Animals
pecheneg
Reality TV Shows (A-Z)
bhenderson79
Rickey Henderson's Hall of Fame Teammates
pecheneg
Champions League XIs: Arsenal
pecheneg
Quick Pick: Celebrities in WWE's Hall of Fame
aduchscher
A-Z Keypad Blitz II
pecheneg
Multiple Oscar Actors
pecheneg
Mystery Phrase Blitz: Oscar 'Best Actors'
pecheneg
F. Scott Fitzgerald Novels
LTH
Pick 3 Villains
ddd62291
Trending Topics
NBA
Kpop
Crossword
Anime
Harry Potter
Marvel
Disney
The Office
Soccer
Puzzle
NFL
Country
WWE
Song
Pokémon
Your Account Isn't Verified!
In order to create a playlist on Sporcle, you need to verify the email address you used during registration. Go to your
Sporcle Settings
to finish the process.
Report this User
Report this user for behavior that violates our
Community Guidelines
.
Details:
Send Report
Go to the Sporcle.com Mobile Site →
Comments